| 000 | 02343cam a2200349 i 4500 | ||
|---|---|---|---|
| 003 | SA-RiAUC | ||
| 005 | 20241120140743.0 | ||
| 008 | 241102s2003____ts g bd f00100 ara c | ||
| 024 | 0 | _a00000000972911 | |
| 024 | 0 | _a00000000975823 | |
| 040 |
_aKW-ShULA _bara _cSA-RiAUC _dAE-DuMBRL _erda |
||
| 082 | 0 | 4 |
_a251.03 _qSA-RiAUC |
| 090 |
_a251.03 _bم ح م |
||
| 100 | 1 |
_aمحمد، عبد الله البشير _eمؤلف. |
|
| 245 | 1 | 2 |
_aالمصطلحات الأصولية في مباحث الأحكام وعلاقتها بالفكر الأصولي / _cبقلم أ. د. عبد الله البشير محمد. |
| 250 | _aالطبعة الأولى. | ||
| 264 | 1 |
_aدبي، الإمارات العربية المتحدة : _bدار البحوث للدراسات الإسلامية وإحياء التراث، _c2003. |
|
| 300 |
_a283 صفحة ؛ _c24 سم. |
||
| 336 |
_aنص _btxt _2rdacontent _3كتاب |
||
| 337 |
_aبدون وسيط _bn _2rdamedia |
||
| 338 |
_aمجلد _bnc _2rdacarrier |
||
| 490 | 0 |
_aسلسلة الدراسات الأصولية ؛ _v20 |
|
| 500 | _aيشتمل على كشافات. | ||
| 504 | _aببليوجرافية : صفحة 260-277. | ||
| 520 | _aيتناول كتاب (المصطلحات الأصولية في مباحث الأحكام وعلاقتها بالفكر الأصولي) والذي قام بتأليفه د. عبد الله البشير محمد، موضوع (المصطلحات الأصولية) الكتاب استعرض فيه مؤلفه الاصطلاح الأصولي في مباحث الأحكام، لا سيما تلك المصطلحات التي تباينت لفظا واتحدت معنى، أو اتحدت لفظا وتباينت معنى، وذلك بحسب ورودها في المناهج الأصولية، على أنه لم يغفل وجه ارتباطه بالفكر الأصولي، والذي هو عند المحققين منبع تلك المصطلحات وأساسها. | ||
| 650 | 7 |
_aالفقه الإسلامي _vمصطلحات _2aucsh |
|
| 650 | 7 |
_aأصول الفقه الإسلامي _vمصطلحات _2aucsh |
|
| 650 | 7 |
_aاللغة العربية _vمصطلحات _2aucsh |
|
| 942 |
_2ddc _cBOOK _n0 |
||
| 949 |
_aSA-JeALM _d241102 _umohamedma123 _n1 |
||
| 999 |
_c2595 _d2595 |
||